00581nam a2200181Ia 4500020001800000082002000018100002000038245009100058260004200149300001400191504002600205650003300231650002900264650002900293650002700322650002900349700002100378 a81-7054-188-3 a331.76133 KHA-; aKhandewale, S.V 0aMigration of unskilled labour:a study of causes, permanency and assimilation in Nagpur aNew DelhibClassical Publishingc1994 axi, 198p. aIncludes bibliography aMigration, internal - Nagpur aLabor economics - Nagpur aUnskilled labor - Nagpur aMigrant labor - Nagpur aAssimilation (Sociology) aChorghade, S.V.